000 00346nam a2200133Ia 4500
008 191201s2009 xx 000 0 und d
082 _a005.8
_bKAN
100 _aKAUFMAN,Charlie
245 0 _aNetwork Security: Private Communication in a Public World
260 _aN.Delhi
_bPHI
_c2009
300 _a713
650 _aB.Tech(CSE)
942 _2ddc
_cBK
999 _c4108
_d4108